Telecom crash course / (Record no. 185857)
[ view plain ]
| 000 -LEADER | |
|---|---|
| fixed length control field | 01240 a2200265 4500 |
| 003 - CONTROL NUMBER IDENTIFIER | |
| control field | Nust |
| 005 - DATE AND TIME OF LATEST TRANSACTION | |
| control field | 20230124095034.0 |
| 010 ## - LIBRARY OF CONGRESS CONTROL NUMBER | |
| LC control number | 2005279075 |
| 020 ## - INTERNATIONAL STANDARD BOOK NUMBER | |
| International Standard Book Number | 0071451439 (pbk. : acid-free paper) |
| 040 ## - CATALOGING SOURCE | |
| Transcribing agency | Nust |
| 082 00 - DEWEY DECIMAL CLASSIFICATION NUMBER | |
| Classification number | 384.068,SHE |
| 100 1# - MAIN ENTRY--PERSONAL NAME | |
| Personal name | Shepard, Steven. |
| 9 (RLIN) | 65350 |
| 245 10 - TITLE STATEMENT | |
| Title | Telecom crash course / |
| Statement of responsibility, etc. | Steven Shepard. |
| 246 1# - VARYING FORM OF TITLE | |
| Title proper/short title | Wi-Fi and WiMAX, digital wireless, softswitch, CDMA vs. GSM |
| 250 ## - EDITION STATEMENT | |
| Edition statement | 2nd ed. |
| 260 ## - PUBLICATION, DISTRIBUTION, ETC. | |
| Place of publication, distribution, etc. | New York : |
| Name of publisher, distributor, etc. | McGraw-Hill/Osborne, |
| Date of publication, distribution, etc. | c2005 |
| 300 ## - PHYSICAL DESCRIPTION | |
| Extent | xxiv, 504 p. : |
| Other physical details | ill. ; |
| Dimensions | 23 cm. |
| 505 ## - FORMATTED CONTENTS NOTE | |
| Formatted contents note | First things first (Page-1), Protocols (Page-43), Telephony (Page-125), The byzantine world of telecom regulation (Page-225), Premises technologies (Page-243), Access Technologies (Page-281), Transport technologies (Page-369), Telecom market segments (Page-453), Final summary (Page-485). |
| 650 #0 - SUBJECT ADDED ENTRY--TOPICAL TERM | |
| Topical term or geographic name entry element | IEEE 802.11 (Standard) |
| 9 (RLIN) | 95059 |
| 650 #0 - SUBJECT ADDED ENTRY--TOPICAL TERM | |
| Topical term or geographic name entry element | IEEE 802.16 (Standard) |
| 9 (RLIN) | 97106 |
| 650 #0 - SUBJECT ADDED ENTRY--TOPICAL TERM | |
| Topical term or geographic name entry element | Telecommunication |
| General subdivision | History. |
| 9 (RLIN) | 107508 |
| 856 42 - ELECTRONIC LOCATION AND ACCESS | |
| Materials specified | Contributor biographical information |
| Uniform Resource Identifier | <a href="http://www.loc.gov/catdir/enhancements/fy0626/2005279075-b.html">http://www.loc.gov/catdir/enhancements/fy0626/2005279075-b.html</a> |
| 856 42 - ELECTRONIC LOCATION AND ACCESS | |
| Materials specified | Publisher description |
| Uniform Resource Identifier | <a href="http://www.loc.gov/catdir/enhancements/fy0626/2005279075-d.html">http://www.loc.gov/catdir/enhancements/fy0626/2005279075-d.html</a> |
| 942 ## - ADDED ENTRY ELEMENTS (KOHA) | |
| Source of classification or shelving scheme | |
| Koha item type | Book |
| Call number prefix | 384.068,SHE |
| Withdrawn status | Lost status | Source of classification or shelving scheme | Damaged status | Not for loan | Permanent Location | Current Location | Shelving location | Date acquired | Full call number | Barcode | Date last seen | Price effective from | Koha item type | Public note |
|---|---|---|---|---|---|---|---|---|---|---|---|---|---|---|
| Military College of Signals (MCS) | Military College of Signals (MCS) | General Stacks | 12/12/2016 | 384.068,SHE | MCS32333 | 12/08/2016 | 12/12/2016 | Book | Almirah No. 54, Shelf No. 4 |
